[Event "Bundesliga 9596"]
[Site "Germany"]
[Date "1996.??.??"]
[Round "?"]
[White "Nunn, John DM"]
[Black "Pribyl, Martin"]
[Result "1-0"]
[WhiteElo "2605"]
[BlackElo "2325"]

1.e4 e5 2.Nf3 Nc6 3.Bc4 Nf6 4.d3 Bc5 5.O-O d6 6.c3 O-O 7.Nbd2 a6 8.Bb3 Ba7
9.h3 Nd7 10.Bc2 f5 11.exf5 Rxf5 12.d4 Rf8 13.Ne4 exd4 14.Neg5 Nf6 15.Qd3 g6
16.Nxd4 Nxd4 17.cxd4 d5 18.Nxh7 Bf5 19.Nxf6+ Qxf6 20.Qb3 Bxc2 21.Qxc2 Bxd4
22.Bh6 Rf7 23.Rad1 Rh7 24.Rxd4 Qxd4 25.Qxg6+ Kh8 26.Re1 Rd7 27.Qh5 Qd3 28.Re6 Rg8
29.Bg7+ Kxg7 30.Qh6+  1-0

[Event "Bundesliga 9596"]
[Site "Germany"]
[Date "1996.??.??"]
[Round "?"]
[White "Nunn, John DM"]
[Black "Smejkal, Jan"]
[Result "1/2-1/2"]
[WhiteElo "2605"]
[BlackElo "2510"]

1.e4 e5 2.Nf3 Nc6 3.Bb5 Nf6 4.d3 d6 5.O-O Be7 6.c3 O-O 7.Re1 Bd7 8.Nbd2 h6
9.Nf1 Nh7 10.Ng3 Ng5 11.Nf5 Nxf3+ 12.Qxf3 Bg5 13.Bxc6 bxc6 14.d4 Re8 15.Be3 Bxe3  1/2-1/2

[Event "Bundesliga 9596"]
[Site "Germany"]
[Date "1996.??.??"]
[Round "?"]
[White "Nunn, John DM"]
[Black "Stohl, Igor"]
[Result "1-0"]
[WhiteElo "2615"]
[BlackElo "2525"]

1.e4 c5 2.Nf3 d6 3.d4 cxd4 4.Nxd4 Nf6 5.Nc3 a6 6.Bg5 e6 7.f4 Qb6 8.Qd2 Qxb2
9.Nb3 Nc6 10.Bxf6 gxf6 11.Na4 Qa3 12.Nb6 Rb8 13.Nc4 Qa4 14.a3 b5 15.Nxd6+ Bxd6
16.Qxd6 Qxe4+ 17.Be2 Qd5 18.Qxd5 exd5 19.O-O-O Ne7 20.Bf3 Be6 21.Rhe1 O-O
22.g4 f5 23.gxf5 Nxf5 24.Nc5 Ne7 25.f5 Nxf5 26.Bxd5 Bc8 27.Re5 Rb6 28.Rf1 Ng7
29.Re7 Ne6 30.Ne4 Nd8 31.Ng5 Rd6 32.Be4 Rh6 33.Rg1 Kh8 34.Nxh7 Nc6 35.Rc7 Rd8
36.Ng5 Ne5 37.Rxf7 Re8 38.Rc7 Rxh2 39.Rc5 Rf2 40.Nf3 Ng4  1-0

[Event "Bundesliga 9596"]
[Site "Germany"]
[Date "1996.??.??"]
[Round "?"]
[White "Nunn, John DM"]
[Black "Van der Sterren, Paul"]
[Result "1-0"]
[WhiteElo "2615"]
[BlackElo "2545"]

1.e4 e5 2.Nf3 Nc6 3.Bb5 a6 4.Ba4 Nf6 5.O-O Be7 6.Re1 b5 7.Bb3 d6 8.c3 O-O
9.d3 Na5 10.Bc2 c5 11.Nbd2 Re8 12.Nf1 h6 13.Ng3 Bf8 14.d4 cxd4 15.cxd4 exd4
16.Nxd4 Bb7 17.b3 d5 18.e5 Ne4 19.Bb2 Qb8 20.e6 Qf4 21.Nxe4 dxe4 22.g3 Qe5
23.Qg4 h5 24.Qe2 fxe6 25.Bxe4 Qxe4 26.Qxe4 Bxe4 27.Rxe4 Rac8 28.Rae1 Bb4
29.R1e2 Bc3 30.Bxc3 Rxc3 31.Rxe6  1-0

[Event "Bundesliga 9697"]
[Site "Germany"]
[Date "1996.??.??"]
[Round "?.3"]
[White "Hetey, Laszlo"]
[Black "Nunn, John DM"]
[Result "1/2-1/2"]
[WhiteElo "2410"]
[BlackElo "2605"]

1.e4 c5 2.c3 d5 3.exd5 Qxd5 4.d4 Nf6 5.Nf3 Bg4 6.Be2 e6 7.h3 Bh5 8.O-O Nc6
9.Be3 cxd4 10.Nxd4 Bxe2 11.Qxe2 Nxd4 12.Bxd4 Be7 13.Rd1 Qf5 14.Nd2 O-O 15.Qf3 Qxf3
16.Nxf3 Rfd8 17.c4 Nd7 18.Kf1 f6 19.Be3 Kf7 20.Ke2 a6 21.a3 e5 22.b4 Ke6
23.c5 Rac8 24.Nd2 Nb8 25.f4 Nc6 26.fxe5 Nxe5 27.Nf3 Nc6 28.Rac1 Rxd1 29.Rxd1 Rd8
30.Nd4+ Nxd4+  1/2-1/2

[Event "Kilkenny op"]
[Site "Kilkenny"]
[Date "1996.??.??"]
[Round "4"]
[White "Nunn, John DM"]
[Black "Conquest, Stuart"]
[Result "1-0"]
[WhiteElo "2605"]
[BlackElo "2585"]

1.e4 c6 2.d4 d5 3.e5 Bf5 4.Nf3 e6 5.Be2 Ne7 6.O-O Nd7 7.Be3 h6 8.Nbd2 Bh7
9.c4 dxc4 10.Nxc4 Nd5 11.Bd3 Bxd3 12.Qxd3 Be7 13.Rad1 Qc7 14.Bd2 N7b6 15.b3 Qd7
16.Rfe1 Nc7 17.Qe4 Nbd5 18.Qg4 g6 19.h3 Kf8 20.h4 Ne8 21.Ne3 Ng7 22.Nxd5 Qxd5
23.Bc3 Nf5 24.g3 Rd8 25.Nh2 Rg8 26.Nf1 g5 27.h5 Qd7 28.Ne3 Ng7 29.Kg2 Ne8
30.Qe4 Rh8 31.f4 gxf4 32.gxf4 Nc7 33.f5 Nd5 34.Nxd5 exf5 35.Nf6 Bxf6 36.Qf3 Bh4
37.Bb4+ Be7 38.Bxe7+ Kxe7 39.d5 Rhg8+ 40.Kh2 cxd5 41.Rg1 d4 42.Qf4 Rxg1 43.Rxg1 Qe6
44.Qh4+ Kd7 45.Qxd4+  1-0

[Event "Kilkenny op"]
[Site "Kilkenny"]
[Date "1996.??.??"]
[Round "5"]
[White "Adams, Michael"]
[Black "Nunn, John DM"]
[Result "1/2-1/2"]
[WhiteElo "2685"]
[BlackElo "2605"]

1.e4 c5 2.Nf3 e6 3.d4 cxd4 4.Nxd4 Nf6 5.Nc3 Nc6 6.Nxc6 bxc6 7.e5 Nd5 8.Ne4 Qc7
9.f4 Qb6 10.c4 Bb4+ 11.Ke2 Ba6 12.Kf3 f5 13.Nf2 Ne7 14.Be3 Bc5 15.Bxc5 Qxc5
16.Qd6 Qb6 17.b3 c5 18.Rd1 Bb7+ 19.Kg3 Kf7 20.Be2 Rhd8 21.Bh5+ g6 22.Bf3 Bxf3
23.gxf3 Rac8 24.Qd2 Rc6 25.Qe3 d5 26.exd6 Rcxd6 27.Rxd6 Rxd6 28.Qe5 Rd8 29.Re1 Ng8
30.Nh3 h6 31.Qh8 Qd6 32.Qh7+ Kf6 33.Qh8+ Kf7 34.Qh7+  1/2-1/2

[Event "Leon"]
[Site "Leon"]
[Date "1997.06.10"]
[Round "6"]
[White "De la Villa Garcia, Jesus Maria"]
[Black "Nunn, John DM"]
[Result "0-1"]
[WhiteElo "2495"]
[BlackElo "2605"]

1.e4 c5 2.Nf3 e6 3.d4 cxd4 4.Nxd4 Nf6 5.Nc3 Nc6 6.Nxc6 bxc6 7.e5 Nd5 8.Ne4 Qc7
9.f4 Qb6 10.Bd3 Ba6 11.Bxa6 Qxa6 12.Qe2 Qxe2+ 13.Kxe2 f5 14.Nf2 Rb8 15.c4 Nb4
16.b3 Bc5 17.Rd1 Ke7 18.Nd3 Nxd3 19.Rxd3 Rb7 20.Bd2 Rhb8 21.Rd1 Ke8 22.h3 a5
23.Bxa5 Ra7 24.b4 Bxb4 25.Bxb4 Rxb4 26.Kf3 Rxc4 27.Rb1 Raa4 28.Rb8+ Ke7 29.g3 Rd4
30.Rxd4 Rxd4 31.Ra8 Rd3+ 32.Kf2 h6 33.h4 g5 34.hxg5 hxg5 35.fxg5 Kf7 36.a4 Rd5
37.Rd8 Kg6 38.Rg8+ Kh5 39.Rg7 Kg4 40.a5 Rxa5 41.Rxd7 Kxg5 42.Rg7+ Kh5 43.Rc7 Rxe5
44.Rxc6 Kg5 45.Kf3 Re4 46.Ra6 Kf6 47.Ra5 Rd4 48.Ke3 Rb4 49.Kf3 Rb3+ 50.Kf2 Rd3
51.Ra6 Ke5 52.Ra4 Rd4 53.Ra6 Rc4 54.Ke3 Rc3+ 55.Kf2 Kd5 56.Ra4 e5 57.Ra2 e4
58.Ra5+ Rc5 59.Ra2 Ke5 60.Ke2 Rc3 61.Ra5+ Kf6 62.Kf2 Rc2+ 63.Kf1 Kg5 64.Rb5 Kg4  0-1

[Event "Leon"]
[Site "Leon"]
[Date "1997.06.11"]
[Round "7"]
[White "Nunn, John DM"]
[Black "Del Rio de Angeles, Gabriel"]
[Result "1/2-1/2"]
[WhiteElo "2605"]
[BlackElo "2400"]

1.e4 e6 2.d4 d5 3.Nc3 Bb4 4.e5 Ne7 5.a3 Bxc3+ 6.bxc3 c5 7.a4 Qa5 8.Bd2 Nbc6
9.Nf3 Bd7 10.Bb5 Qc7 11.O-O O-O 12.Re1 h6 13.Bf4 Ng6 14.Bg3 Nce7 15.Bd3 c4
16.Be2 Nf5 17.Qd2 Nxg3 18.hxg3 f6 19.exf6 Rxf6 20.Nh2 Raf8 21.f4 Ne7 22.Ng4 Rf5
23.Ne5 R5f6 24.Bg4 Be8 25.Qc1 Nc8 26.Re3 Nd6 27.Qe1 g5 28.Qe2 Qh7 29.Bh3 gxf4
30.gxf4 Kh8 31.a5 Ne4 32.g3 Rg8 33.Kh2 h5 34.Rf3 Bg6 35.Nxg6+ Qxg6 36.Rg1 Qh6
37.Qe3 Rf7 38.Rg2 Qf6 39.Rg1 Ng5 40.fxg5 Qxf3 41.Qxe6 h4 42.gxh4 Qf4+ 43.Rg3 Rh7
44.Qxd5 Rxh4 45.Qxb7 Re8 46.Qf3 Qxf3 47.Rxf3 Rh5 48.Rg3 Re2+ 49.Kg1 Kg7 50.Bf1  1/2-1/2

[Event "Leon"]
[Site "Leon"]
[Date "1997.06.12"]
[Round "8"]
[White "Lima, Darcy"]
[Black "Nunn, John DM"]
[Result "0-1"]
[WhiteElo "2420"]
[BlackElo "2605"]

1.e4 c5 2.Nf3 e6 3.d4 cxd4 4.Nxd4 Nf6 5.Nc3 Nc6 6.Nxc6 bxc6 7.e5 Nd5 8.Ne4 Qc7
9.f4 Qb6 10.Bd3 Ba6 11.Bxa6 Qxa6 12.Qe2 Qxe2+ 13.Kxe2 f5 14.Nf2 Rb8 15.c4 Nb4
16.b3 Bc5 17.Rd1 Rb7 18.Rd2 a5 19.Bb2 Ke7 20.Bc3 Ra8 21.a3 Na6 22.b4 Bxf2
23.Kxf2 Rab8 24.bxa5 Rb1 25.Rxb1 Rxb1 26.Bb2 Kd8 27.Ke2 Kc8 28.Bd4 Rb3 29.Rd3 Rb1
30.Rd2 Rb3 31.Rd3 Rb1 32.Rg3 c5 33.Be3 g6 34.Rh3 h5 35.Rg3 Ra1 36.Bd2 Nb8
37.Rb3 Nc6 38.Bc3 Ra2+ 39.Kf3 h4 40.a6 Rc2 41.h3 Rc1 42.Ke3 Rc2 43.Kf3 Rc1
44.Kf2 Rc2+ 45.Kg1 Re2 46.Ba5 Re4 47.Bb6 Rxc4 48.a7 Ra4 49.Bxc5 Nxa7 50.Rf3 Nc6
51.Bf2 Re4 52.Bxh4 Nd4 53.Rc3+ Kb7 54.Rd3 Kc6 55.Bf2 Ne2+ 56.Kf1 Nxf4 57.Rd6+ Kc7
58.Rd4 Rxd4 59.Bxd4 Kc6 60.Be3 Nd3 61.Ke2 Nxe5 62.a4 Nc4 63.Bf2 d5 64.g4 fxg4
65.hxg4 e5 66.Bg3 d4 67.a5 e4  0-1

[Event "Leon"]
[Site "Leon"]
[Date "1997.06.13"]
[Round "9"]
[White "Nunn, John DM"]
[Black "Mellado Trivino, Juan"]
[Result "1-0"]
[WhiteElo "2605"]
[BlackElo "2430"]

1.e4 e6 2.d4 d5 3.e5 c5 4.c3 Qb6 5.Nf3 Bd7 6.Be2 Bb5 7.c4 Bxc4 8.Bxc4 dxc4
9.d5 Ne7 10.d6 Nec6 11.O-O Nd7 12.Re1 g6 13.Na3 Bg7 14.Nxc4 Qa6 15.Qe2 O-O
16.Bf4 Nb6 17.b3 Nd5 18.Bg3 h6 19.Qe4 Rac8 20.h4 b5 21.Ne3 Ncb4 22.a3 Nc3
23.axb4 Qxa1 24.Qc2 Qa3 25.Qxc3 cxb4 26.Qd3 Rc3 27.Qxb5 Rxb3 28.Nc4 Qa2 29.Na5 Rb2
30.Nd4 Rd2 31.Nab3 Rb2 32.Qxb4 Qa6 33.Qc3 Ra2 34.Nc5 Qc8 35.Rc1 Qa8 36.Qb3 Rd2
37.Qb4 Ra2 38.Qb7 Rd2 39.Qxa8 Rxa8 40.Ncb3  1-0

[Event "WchT 4th"]
[Site "Luzern"]
[Date "1997.10.29"]
[Round "5"]
[White "Nunn, John DM"]
[Black "Khurtsidze, Nino"]
[Result "1/2-1/2"]
[WhiteElo "2620"]
[BlackElo "2415"]

1.e4 c5 2.Nf3 e6 3.d4 cxd4 4.Nxd4 a6 5.Bd3 Nc6 6.Nxc6 dxc6 7.Nd2 e5 8.Qh5 Bd6
9.Nc4 Nf6 10.Nxd6+ Qxd6 11.Qe2 O-O 12.O-O Be6 13.b3 b5 14.a4 Rfd8 15.Bg5 Bxb3
16.axb5 cxb5 17.Bxf6 gxf6 18.Rad1 Be6 19.Bxb5 Qxd1 20.Rxd1 Rxd1+ 21.Qxd1 axb5
22.g4 h6 23.Kg2 Kg7 24.Kg3 Ra4 25.f3 Ra8 26.Qd2 Re8 27.h4 Bc4 28.Qd7 Re6
29.Kf2 Ra6 30.Qe7 Re6 31.Qd8 Ba2 32.Ke3 Bc4 33.Kd2 Ba2 34.Kc3 Bc4 35.Qd2 Ba2
36.Kb4 Bc4 37.Qf2 Ra6 38.Qg3 Re6 39.Kc5 Kg6 40.Qg2 Kg7 41.Qd2 Kg6 42.Qg2 Kg7
43.g5 fxg5 44.hxg5 hxg5 45.Qxg5+ Kf8 46.Qg2 Rg6 47.Qh2 Re6 48.Qh8+ Ke7 49.Qg8 Rg6
50.Qb8 Re6 51.Qh8 Bf1 52.Qh1  1/2-1/2

[Event "Iona Tech Masters"]
[Site "Kilkenny"]
[Date "1997.11.28"]
[Round "1"]
[White "Nunn, John DM"]
[Black "Anderton, David W"]
[Result "1-0"]
[WhiteElo "2620"]
[BlackElo "2200"]

1.e4 e6 2.d4 d5 3.e5 c5 4.c3 Nc6 5.Nf3 Nh6 6.Bd3 cxd4 7.cxd4 Nf5 8.Bxf5 exf5
9.Nc3 Be6 10.O-O Be7 11.a3 h6 12.b4 Rc8 13.Ne2 g5 14.Bd2 b5 15.Ne1 Qb6 16.Bc3 f4
17.Nd3 f3 18.gxf3 Bh3 19.Re1 Rg8 20.Nc5 Nd8 21.Qd3 Rc6 22.Kh1 Rcg6 23.a4 bxa4
24.Rxa4 Bxc5 25.dxc5 Qb7 26.Nd4 Ne6 27.c6 Qc7 28.Nxe6 Qxc6 29.Ra6  1-0

[Event "Iona Tech Masters"]
[Site "Kilkenny"]
[Date "1997.11.28"]
[Round "3"]
[White "Nunn, John DM"]
[Black "King, Daniel J"]
[Result "0-1"]
[WhiteElo "2620"]
[BlackElo "2530"]

1.e4 e6 2.d4 d5 3.e5 c5 4.c3 Nc6 5.Nf3 Bd7 6.a3 c4 7.Be2 Na5 8.Nbd2 Bc6 9.O-O Qd7
10.g3 Ba4 11.Qe1 Be7 12.h4 O-O-O 13.Kg2 f5 14.Ng5 Bxg5 15.hxg5 Ne7 16.Rh1 f4
17.gxf4 Rdf8 18.Nf1 Nb3 19.Be3 Nxa1 20.Qxa1 Bc2 21.Ng3 Nf5 22.Qc1 Qa4 23.Rh3 h6
24.Bg4 hxg5 25.fxg5 Rxh3 26.Bxh3 Rh8 27.Qd2 Nh4+ 28.Kf1 Bd3+ 29.Ne2 Nf3  0-1

[Event "Hastings Premier 9798"]
[Site "Hastings"]
[Date "1997.12.29"]
[Round "1"]
[White "Nunn, John DM"]
[Black "Rausis, Igors"]
[Result "1/2-1/2"]
[WhiteElo "2620"]
[BlackElo "2490"]

1.e4 d5 2.exd5 Nf6 3.Nf3 Nxd5 4.d4 Bf5 5.Be2 e6 6.O-O Be7 7.c3 O-O 8.Qb3 Qc8
9.Na3 c5 10.c4 Nb4 11.Be3 N8c6 12.dxc5 Na6 13.Nb5 Nxc5 14.Qa3 b6 15.Nfd4 Be4
16.Nxc6 Qxc6 17.f3 Bg6 18.b4 Nd7 19.Qb3 a6 20.Nd4 Qc7  1/2-1/2

[Event "Hastings Premier 9798"]
[Site "Hastings"]
[Date "1997.12.30"]
[Round "2"]
[White "Plaskett, Jim"]
[Black "Nunn, John DM"]
[Result "1/2-1/2"]
[WhiteElo "2450"]
[BlackElo "2620"]

1.e4 c5 2.Nf3 e6 3.Nc3 Nc6 4.Bb5 Nge7 5.O-O Nd4 6.Nxd4 cxd4 7.Ne2 Nc6 8.c3 Bc5
9.Qa4 e5 10.b4 Bb6 11.Bb2 dxc3 12.dxc3 O-O 13.c4 d6 14.Rac1 Bd7 15.Qb3 a6
16.Bxc6 Bxc6 17.c5 dxc5 18.bxc5 Bc7 19.Nc3 Qh4 20.Rfe1 Ba5 21.Re3  1/2-1/2

[Event "Hastings Premier 9798"]
[Site "Hastings"]
[Date "1997.12.31"]
[Round "3"]
[White "Nunn, John DM"]
[Black "Rozentalis, Eduardas"]
[Result "1/2-1/2"]
[WhiteElo "2620"]
[BlackElo "2645"]

1.e4 e5 2.Bc4 Nf6 3.d3 c6 4.Nf3 Be7 5.O-O d6 6.Nbd2 O-O 7.a3 Nbd7 8.Re1 Nc5
9.Nf1 d5 10.exd5 cxd5 11.Ba2 e4 12.dxe4 Ncxe4 13.Be3 a6 14.c4 dxc4  1/2-1/2

[Event "Hastings Premier 9798"]
[Site "Hastings"]
[Date "1998.01.02"]
[Round "4"]
[White "Nunn, John DM"]
[Black "McShane, Luke J"]
[Result "1/2-1/2"]
[WhiteElo "2620"]
[BlackElo "2455"]

1.e4 c5 2.Nf3 Nc6 3.d4 cxd4 4.Nxd4 Nf6 5.Nc3 e5 6.Ndb5 d6 7.Bg5 a6 8.Na3 b5
9.Bxf6 gxf6 10.Nd5 f5 11.Bd3 Be6 12.O-O Bxd5 13.exd5 Ne7 14.c3 Bg7 15.Qh5 e4
16.Bc2 Qc8 17.Rae1 O-O 18.Bb3 a5 19.Nxb5 a4 20.Bd1 Qc5 21.Nd4 Qxd5 22.Qg5 Qe5
23.f4 Qf6 24.g4 d5 25.a3 Rfb8 26.Re2 Qxg5 27.fxg5 fxg4 28.Ref2 Bxd4 29.cxd4 Nc6
30.Bxg4 Ra7 31.Bh5 Nxd4 32.Bxf7+ Rxf7 33.Rxf7 Nf3+ 34.R1xf3 exf3 35.Rxf3 Rxb2
36.Rf4 Rb1+ 37.Kg2 Rb2+  1/2-1/2

[Event "Hastings Premier 9798"]
[Site "Hastings"]
[Date "1998.01.03"]
[Round "5"]
[White "Relange, Eloi"]
[Black "Nunn, John DM"]
[Result "1-0"]
[WhiteElo "2505"]
[BlackElo "2620"]

1.e4 c5 2.c3 d5 3.exd5 Qxd5 4.d4 Nf6 5.Nf3 Bg4 6.dxc5 Qxd1+ 7.Kxd1 e5 8.b4 e4
9.h3 Bh5 10.g4 Nxg4 11.hxg4 Bxg4 12.Nd2 exf3 13.Bd3 Nc6 14.Re1+ Be7 15.Kc2 a6
16.Be4 Rc8 17.a4 h5 18.Ba3 Rh6 19.Nxf3 Rf6 20.Re3 Rf4 21.Bd5 Rd8 22.Bxc6+ bxc6
23.Nd4 Rxf2+ 24.Kb3 Be6+ 25.Nxe6 fxe6 26.Rxe6 Kf7 27.Rxc6 h4 28.Rc7 h3 29.b5 axb5
30.axb5 Kf8 31.Re1 h2 32.Rcxe7 h1=Q 33.Rxh1 Kxe7 34.c6+ Kf7 35.c7 Rc8 36.b6 Rf6
37.Bc5 Rc6 38.b7  1-0

[Event "Hastings Premier 9798"]
[Site "Hastings"]
[Date "1998.01.05"]
[Round "7"]
[White "Tkachiev, Vladislav"]
[Black "Nunn, John DM"]
[Result "1/2-1/2"]
[WhiteElo "2615"]
[BlackElo "2620"]

1.e4 c5 2.Nf3 e6 3.g3 d5 4.exd5 exd5 5.d4 Nc6 6.Bg2 Bg4 7.O-O cxd4 8.c3 Bd6
9.h3 Bxf3 10.Qxf3 Nge7 11.Rd1 dxc3 12.Nxc3 d4 13.Nb5 Be5 14.Bf4 Qb8 15.Nxd4 Bxf4
16.Nxc6 bxc6 17.Qxf4 Qxf4 18.gxf4 Rd8 19.Re1 Rd6 20.Re3 Kd7  1/2-1/2

[Event "Hastings Premier 9798"]
[Site "Hastings"]
[Date "1998.01.07"]
[Round "9"]
[White "Hebden, Mark"]
[Black "Nunn, John DM"]
[Result "1-0"]
[WhiteElo "2575"]
[BlackElo "2620"]

1.d4 Nf6 2.Nf3 g6 3.Nc3 d5 4.Bf4 Bg7 5.e3 O-O 6.Be2 c5 7.Ne5 cxd4 8.exd4 Nfd7
9.Nf3 Nf6 10.Ne5 Nfd7 11.Nf3 Nf6 12.Qd2 Bg4 13.Ne5 Bxe2 14.Qxe2 Nh5 15.Be3 Nc6
16.O-O-O Rc8 17.f4 Nf6 18.g4 Qa5 19.a3 Nxe5 20.fxe5 Rxc3 21.exf6 Rfc8 22.Kb1 Rxc2
23.Rd2  1-0

[Event "Masters"]
[Site "Bunratty"]
[Date "1998.02.23"]
[Round "6"]
[White "King, Daniel J"]
[Black "Nunn, John DM"]
[Result "0-1"]
[WhiteElo "2530"]
[BlackElo "2610"]

1.e4 c5 2.Nf3 e6 3.Qe2 Nc6 4.g3 g6 5.Bg2 Bg7 6.O-O Nge7 7.c3 O-O 8.Na3 e5
9.Nc2 d5 10.d3 h6 11.b4 cxb4 12.cxb4 a6 13.Bb2 d4 14.Nd2 Re8 15.a4 Be6 16.f4 exf4
17.gxf4 Rc8 18.Nf3 Qb6 19.b5 axb5 20.axb5 Qxb5 21.Ncxd4 Nxd4 22.Bxd4 Red8
23.Bxg7 Kxg7 24.Rfb1 Qxd3 25.Qxd3 Rxd3 26.Rxb7 Nc6 27.Kf2 Rc3 28.Rb2 Rd8
29.Re1 Rdd3 30.Ng1 Bg4 31.Bf1 Rd6 32.Be2 Rf6 33.Bxg4 Rxf4+ 34.Bf3 Ne5 35.Re3 Rxf3+
36.Rxf3 Rxf3+ 37.Nxf3 Nd3+ 38.Ke3 Nxb2 39.h4 Nc4+ 40.Kf4 Kf6 41.e5+ Ke7 42.Nd4 Nb6
43.Ke4 Kd7 44.Ne2 Na8 45.Nf4 Nc7 46.Ne2 Ne6 47.Nc3 Kc6 48.Ne2 Kc5 49.Ng3 Kc4
50.h5 Nc5+ 51.Kf4 Kd5 52.hxg6 fxg6 53.Kg4 Kxe5 54.Nf1 Ne4 55.Ne3 Nf6+ 56.Kh3 g5
57.Kg3 h5 58.Kh3 Kf4 59.Ng2+ Ke4 60.Kg3 Nd5 61.Ne1 Ne3 62.Nf3 Nf5+ 63.Kf2 Kf4
64.Kg2 g4 65.Nd2 h4 66.Kh2 Ne3 67.Kh1 g3 68.Kg1 h3 69.Kh1 Ng4 70.Kg1 Nf2
71.Nf1 Ne4  0-1

[Event "Oxford Grandmasters 'A'"]
[Site "Oxford"]
[Date "1998.12.16"]
[Round "3"]
[White "Gausel, Einar"]
[Black "Nunn, John DM"]
[Result "1/2-1/2"]
[WhiteElo "2540"]
[BlackElo "2600"]

1.d4 Nf6 2.Nf3 g6 3.Bg5 Bg7 4.Nbd2 c5 5.Bxf6 Bxf6 6.Ne4 Bxd4 7.Nxd4 cxd4
8.Qxd4 O-O 9.c4 Nc6 10.Qd2 d6 11.e3 Be6  1/2-1/2

[Event "Oxford Grandmasters 'A'"]
[Site "Oxford"]
[Date "1998.12.17"]
[Round "4"]
[White "Nunn, John DM"]
[Black "Turner, Matthew"]
[Result "1/2-1/2"]
[WhiteElo "2600"]
[BlackElo "2475"]

1.e4 e5 2.Nf3 Nc6 3.Bb5 a6 4.Ba4 Nf6 5.O-O b5 6.Bb3 Bc5 7.d3 d6 8.c3 O-O
9.Nbd2 Be6 10.Bc2 Re8 11.h3 h6 12.Re1 Bb6 13.Nf1 d5 14.exd5 Qxd5 15.a4 Rad8  1/2-1/2

[Event "Oxford Grandmasters 'A'"]
[Site "Oxford"]
[Date "1998.12.18"]
[Round "5"]
[White "McDonald, Neil R"]
[Black "Nunn, John DM"]
[Result "1/2-1/2"]
[WhiteElo "2490"]
[BlackElo "2600"]

1.d4 Nf6 2.Nf3 g6 3.Bg5 Bg7 4.Nbd2 c5 5.Bxf6 Bxf6 6.Ne4 Bxd4 7.Nxd4 cxd4
8.Qxd4 O-O 9.c4 Nc6 10.Qd2 d6 11.e3 Be6 12.Nc3 Rc8 13.b3 Qa5 14.Be2 Rfd8
15.e4 a6 16.Rd1 Qb4 17.O-O b5 18.cxb5 axb5 19.Qe3 Qa5 20.Rc1 Nb4 21.Nxb5 Qxa2  1/2-1/2

[Event "Oxford Grandmasters 'A'"]
[Site "Oxford"]
[Date "1998.12.21"]
[Round "7"]
[White "Sutovskij, Emil"]
[Black "Nunn, John DM"]
[Result "1/2-1/2"]
[WhiteElo "2575"]
[BlackElo "2600"]

1.e4 e5 2.Nf3 Nc6 3.Nc3 Nf6 4.Bb5 Nd4 5.O-O Nxb5 6.Nxb5 c6 7.Nc3 d6 8.d4 Qc7
9.Bg5 Be7 10.h3 O-O 11.Qd2 Be6 12.a4 Rfd8 13.a5 h6 14.Bxf6 Bxf6 15.d5 Bd7
16.a6 c5 17.axb7 Qxb7 18.Ra5 Rdc8 19.Rfa1 a6 20.Nd1 Bd8 21.R5a2 f5 22.Qe2 c4
23.Nd2 Bb5 24.Nc3 f4 25.Nxb5 axb5 26.Qg4 Be7 27.Nf3 b4 28.Kh2 Rxa2 29.Rxa2 Ra8
30.Rxa8+ Qxa8 31.Qd7 Kf8 32.Nd2 Qa6 33.Qc7 c3 34.bxc3 Qe2 35.Nc4 Qxf2 36.Qc8+ Kf7
37.Qe6+ Kf8 38.Qc8+ Kf7 39.Nxd6+ Bxd6 40.Qe6+ Kf8 41.Qxd6+ Kg8 42.Qg6 bxc3
43.d6 Qxc2 44.Qe6+ Kh7 45.Qf5+ Kh8 46.Qf8+ Kh7  1/2-1/2

[Event "Oxford Grandmasters 'A'"]
[Site "Oxford"]
[Date "1998.12.23"]
[Round "9"]
[White "Nunn, John DM"]
[Black "Pedersen, Steffen"]
[Result "1-0"]
[WhiteElo "2600"]
[BlackElo "2415"]

1.e4 e6 2.d4 d5 3.Nc3 Nf6 4.e5 Nfd7 5.f4 c5 6.Nf3 a6 7.Be3 Qb6 8.a3 Nc6 9.Be2 Be7
10.Bf2 cxd4 11.Nxd4 Bc5 12.Na4 Qa5+ 13.c3 Bxd4 14.Bxd4 Nxd4 15.Qxd4 Qc7 16.b4 O-O
17.O-O b5 18.Nb2 Bb7 19.Bg4 Rac8 20.Rf3 f5 21.exf6 Rxf6 22.Re1 Nf8 23.Re5 Qd6
24.Rfe3 Rc7 25.h4 h6 26.h5 Rc6 27.Bf3 Rc7 28.Bg4 Rc6 29.g3 Nd7 30.Bxe6+ Rxe6
31.Rxe6 Qxe6 32.Rxe6 Rxe6 33.Nd3 Re4 34.Qa7 Bc6 35.Qxa6 Rc4 36.Nc5  1-0

[Event "BL2-N9899"]
[Site "Germany"]
[Date "1999.02.28"]
[Round "6.1"]
[White "Nunn, John DM"]
[Black "Bangiev, Alexander"]
[Result "1-0"]
[WhiteElo "2600"]
[BlackElo "2395"]

1.e4 c5 2.Nf3 Nc6 3.d4 cxd4 4.Nxd4 g6 5.c4 Bg7 6.Be3 Nf6 7.Nc3 d6 8.Be2 O-O
9.O-O Bd7 10.Qd2 Nxd4 11.Bxd4 Bc6 12.f3 Nd7 13.Be3 a5 14.b3 Nc5 15.Rab1 Qb6
16.Rfc1 Rfc8 17.Rc2 Qd8 18.a3 Qf8 19.b4 axb4 20.axb4 Na4 21.Nd1 Qd8 22.Nf2 Nb6
23.Bd4 Bxd4 24.Qxd4 Bb5 25.Rbc1 Be8 26.e5 dxe5 27.Qxe5 Nd7 28.Qb2 b6 29.f4 Qc7
30.Bf3 Ra4 31.Nd3 Qa7 32.h3 Nb8 33.b5 Rd8 34.Nb4 Qc7 35.Nd5 Qc5+ 36.Kh2 Nd7
37.Rd2 Rc8 38.Re1 e6 39.Ne3 Qb4 40.Qd4 Qc5 41.Qb2 Qb4 42.Qxb4 Rxb4 43.Rd6 Kf8
44.Bc6 Nf6 45.Bxe8 Kxe8 46.Rxb6 Nh5 47.f5 Nf4 48.fxe6 Nxe6 49.Rb7 Rb3 50.Nd5 Kf8
51.Nb6 Rc7 52.Rxc7 Nxc7 53.Nd7+ Kg7 54.b6 Na6 55.Re5 Rd3 56.Rd5  1-0

[Event "Bundesliga 9900"]
[Site "Germany"]
[Date "1999.11.07"]
[Round "4"]
[White "Nunn, John DM"]
[Black "Pelletier, Yannick"]
[Result "1/2-1/2"]
[WhiteElo "2598"]
[BlackElo "2479"]

1.e4 c5 2.Nf3 d6 3.d4 cxd4 4.Nxd4 Nf6 5.Nc3 Nc6 6.Bg5 e6 7.Qd2 Be7 8.O-O-O O-O
9.Nb3 Qb6 10.f3 Rd8 11.Nb5 Rd7 12.Qe1 Qd8 13.h4 a5 14.a4 e5 15.g3 Ne8 16.Be3 d5
17.Bh3 d4 18.Bd2 Nb4 19.Kb1 Qb6 20.Bxd7 Bxd7 21.c3 Bxb5 22.axb5 Qxb5 23.Qf1 Qa4
24.cxb4 axb4 25.Qc4 Nd6 26.Nc5 Qa1+ 27.Kc2 Qxd1+ 28.Rxd1 Nxc4 29.Nd3 Rc8
30.Kb3 f6 31.Be1 Kf7 32.Rc1 Na5+ 33.Ka4 Rxc1 34.Nxc1 Nc4 35.Nd3 Nb6+ 36.Kb5 Nd7
37.h5 Ke6 38.g4 g6 39.f4 gxh5 40.f5+ Kf7 41.gxh5 Ke8 42.b3 Kf7 43.Bd2 Bf8
44.Bc1 Ke8 45.Bd2 Kf7 46.Bc1 Nb8 47.Kb6 Nc6 48.Bd2 Ke8 49.Be1 Kd7 50.Bd2 Be7
51.Be1 Kc8 52.Bd2 Kd7 53.Be1 Kc8 54.Bd2 Kb8 55.Nb2 Na7 56.Nd3 Nc8+ 57.Ka5 Kc7
58.Ka4 Kd7 59.Ka5 Kc7 60.Ka4 Bf8  1/2-1/2

[Event "FRA-chT 9899"]
[Site "FRA"]
[Date "1999.??.??"]
[Round "3"]
[White "Lepelletier, Benoit"]
[Black "Nunn, John DM"]
[Result "0-1"]
[WhiteElo "2456"]
[BlackElo "2600"]

1.e4 c5 2.Ne2 Nc6 3.Nbc3 e6 4.g3 d5 5.exd5 exd5 6.Bg2 d4 7.Nd5 Nf6 8.Nef4 Nxd5
9.Nxd5 Bd6 10.O-O O-O 11.d3 Re8 12.Bf4 Bxf4 13.Nxf4 Ne5 14.h3 Bd7 15.Re1 Bc6
16.Bxc6 Nxc6 17.Qh5 Qd6 18.Qd5 Qxd5 19.Nxd5 Kf8 20.a3 Rad8 21.Nf4 a5 22.Kf1 Rd6
23.Rxe8+ Kxe8 24.h4 Kd7 25.Ke2 a4 26.Rh1 Ne5 27.Kd2 Rb6 28.Kc1 Nf3 29.Nh3 h6
30.Nf4 g6 31.Nd5 Rd6 32.c4 dxc3 33.Nxc3 Rd4 34.Kc2 Kc6 35.Rd1 b5 36.Ne2 Rd5
37.Kc3 Re5 38.Nc1 Kd5 39.d4 Nxd4 40.Nd3 Re4 41.Nc1 Kc6 42.Rd2  0-1

[Event "FRA-chT 9899"]
[Site "FRA"]
[Date "1999.??.??"]
[Round "5"]
[White "Sulipa, Aleksandar"]
[Black "Nunn, John DM"]
[Result "1/2-1/2"]
[WhiteElo "2424"]
[BlackElo "2600"]

1.e4 c5 2.Nf3 Nc6 3.d4 cxd4 4.Nxd4 Nf6 5.Nc3 e5 6.Ndb5 d6 7.Bg5 a6 8.Na3 b5
9.Nd5 Be7 10.Bxf6 Bxf6 11.c3 Bb7 12.Nc2 Nb8 13.g3 Bg5 14.Bg2 O-O 15.O-O Nd7
16.Kh1 Nb6 17.Nxb6 Qxb6 18.Nb4 Qc5 19.Nd5 Bxd5 20.Qxd5 Qxd5 21.exd5 Rab8
22.Rfb1 Rfc8 23.a4 b4 24.a5 Bd2 25.Bf1 bxc3 26.bxc3 Bxc3 27.Rxb8 Rxb8 28.Rc1 Bxa5
29.Bxa6 Bb6 30.Rc6 Bxf2 31.Rxd6 f5 32.Rc6 Rb6 33.Kg2 Rxc6 34.dxc6 Bb6 35.Bc8 g6
36.g4 fxg4  1/2-1/2

[Event "FRA-chT 9899"]
[Site "FRA"]
[Date "1999.??.??"]
[Round "11"]
[White "Gallagher, Joseph G"]
[Black "Nunn, John DM"]
[Result "1/2-1/2"]
[WhiteElo "2519"]
[BlackElo "2600"]

1.d4 Nf6 2.c4 g6 3.Nc3 Bg7 4.e4 d6 5.f3 O-O 6.Nge2 a6 7.d5 b5 8.cxb5 axb5
9.Nxb5 c6 10.dxc6 Nxc6 11.Nec3 d5 12.exd5 Nb4 13.Bc4 Ba6 14.Qb3 Qa5 15.O-O Nbxd5
16.Nxd5 Nxd5 17.a4 e6 18.Bg5 Bxb5 19.Bxb5 Nc7 20.Bf4 Nxb5 21.Qxb5 Qxb5 22.axb5 Bd4+
23.Kh1 e5 24.Bh6  1/2-1/2

[Event "Bundesliga 1999-2000"]
[Site "Passau GER"]
[Date "2000.01.29"]
[Round "8"]
[White "Teske,H"]
[Black "Nunn,J"]
[Result "0-1"]
[WhiteElo "2479"]
[BlackElo "2601"]

1.e4 c5 2.Nf3 e6 3.d4 cxd4 4.Nxd4 Nf6 5.Nc3 Nc6 6.Ndb5 d6 7.Bf4 e5 8.Bg5 a6
9.Bxf6 gxf6 10.Na3 b5 11.Nd5 f5 12.Bd3 Be6 13.c4 Bxd5 14.exd5 Qa5+ 15.Kf1 Nd4
16.cxb5 axb5 17.Nc2 Nxc2 18.Bxc2 e4 19.g4 Bg7 20.gxf5 Bxb2 21.Rb1 Qxa2 22.Qe2 Be5
23.Qxb5+ Ke7 24.Bxe4 Rhb8 25.Qd3 Ra3 26.Qc2 Rxb1+ 27.Qxb1 Qd2  0-1